00000000nam 2200000zi 4500
0019.895205
003CaOODSP
00520250121091709
006m     o  d f      
007cr gn|||||||||
008210112s1966    oncado| o    f000 0 eng d
040 |aCaOODSP|beng|erda|cCaOODSP
043 |an-cn---
0861 |aNR24-83/1966E-PDF
24500|aCanadian standards in building codes / |cissued by the Associate Committee on the National Building Code; prepared by the Codes Secretariat of the Division of Building Research, National Research Council.
250 |aFirst edition.
264 1|aOttawa, Canada : |bNational Research Council, |c1966.
300 |a1 online resource (631 pages) : |billustrations, graphs, photographs
336 |atext|btxt|2rdacontent
337 |acomputer|bc|2rdamedia
338 |aonline resource|bcr|2rdacarrier
500 |aDigitized edition from print [produced by National Research Council of Canada].
520 |a"This volume has been prepared and is now published by the Associate Committee on the National Building Code as a further service to all users of the National Building Code of Canada. It constitutes a companion volume to "ASTM Standards in Building Codes". This other volume of over 1400 pages is published by the American Society for Testing and Materials from its offices at 1916 Race Street, Philadelphia, Pennsylvania, 19103. The third edition of the ASTM volume was published in 1965 with a list price of $15.00, copies being available to ASTM members at $10.50. The two volumes combined contain the actual wording of all the principal standards mentioned in the National Building Code of Canada, 1965, with the exception of a small group of standards which, although of importance, are of such length that they have been only summarized in this book. The Associate Committee hopes that all users of the Code will have available these two supplementary volumes so that all questions about standards can be readily answered by direct reference to the original documents"--Foreword, page 3.
650 0|aBuilding laws|zCanada.
650 0|aBuilding materials|xStandards|zCanada.
650 6|aConstruction|xDroit|zCanada.
650 6|aConstruction|xMatériaux|xNormes|zCanada.
7102 |aNational Research Council of Canada. |bAssociate Committee on the National Building Code.
85640|qPDF|s34.2 MB|uhttps://publications.gc.ca/collections/collection_2025/cnrc-nrc/NR24-83-1966-eng.pdf
986 |aNRC No. 8993